<?xml version="1.0" encoding="UTF-8"?>
<record
    xmlns:xsi="http://www.w3.org/2001/XMLSchema-instance"
    xsi:schemaLocation="http://www.loc.gov/MARC21/slim http://www.loc.gov/standards/marcxml/schema/MARC21slim.xsd"
    xmlns="http://www.loc.gov/MARC21/slim">

  <leader>02074nam a2200301Ia 4500</leader>
  <datafield tag="952" ind1=" " ind2=" ">
    <subfield code="0">0</subfield>
    <subfield code="1">0</subfield>
    <subfield code="4">0</subfield>
    <subfield code="7">0</subfield>
    <subfield code="a">04</subfield>
    <subfield code="b">04</subfield>
    <subfield code="d">2011-08-10</subfield>
    <subfield code="l">14</subfield>
    <subfield code="o">BF683 C66 1990</subfield>
    <subfield code="p">04 003506</subfield>
    <subfield code="r">2015-04-08</subfield>
    <subfield code="s">2015-04-08</subfield>
    <subfield code="t">1</subfield>
    <subfield code="w">2012-06-24</subfield>
    <subfield code="y">LB</subfield>
  </datafield>
  <datafield tag="952" ind1=" " ind2=" ">
    <subfield code="0">0</subfield>
    <subfield code="1">0</subfield>
    <subfield code="4">0</subfield>
    <subfield code="7">0</subfield>
    <subfield code="a">04</subfield>
    <subfield code="b">04</subfield>
    <subfield code="d">2013-07-04</subfield>
    <subfield code="l">27</subfield>
    <subfield code="m">1</subfield>
    <subfield code="o">BF683 C66 1990</subfield>
    <subfield code="p">04 004230</subfield>
    <subfield code="r">2025-06-04</subfield>
    <subfield code="s">2025-06-02</subfield>
    <subfield code="t">2</subfield>
    <subfield code="w">2013-07-04</subfield>
    <subfield code="y">LB</subfield>
  </datafield>
  <datafield tag="952" ind1=" " ind2=" ">
    <subfield code="0">0</subfield>
    <subfield code="1">0</subfield>
    <subfield code="4">0</subfield>
    <subfield code="7">0</subfield>
    <subfield code="a">04</subfield>
    <subfield code="b">04</subfield>
    <subfield code="d">2016-04-05</subfield>
    <subfield code="l">14</subfield>
    <subfield code="o">BF683 C66 1990</subfield>
    <subfield code="p">04 006100</subfield>
    <subfield code="r">2022-07-26</subfield>
    <subfield code="s">2022-07-26</subfield>
    <subfield code="t">3</subfield>
    <subfield code="w">2016-04-05</subfield>
    <subfield code="y">LB</subfield>
  </datafield>
  <datafield tag="999" ind1=" " ind2=" ">
    <subfield code="c">62872</subfield>
    <subfield code="d">62872</subfield>
  </datafield>
  <controlfield tag="008">120625s1990    mx            001 0 spa d</controlfield>
  <datafield tag="020" ind1=" " ind2=" ">
    <subfield code="a">9789682433801</subfield>
  </datafield>
  <datafield tag="050" ind1=" " ind2="4">
    <subfield code="a">BF683 </subfield>
    <subfield code="b">C66 1990</subfield>
  </datafield>
  <datafield tag="100" ind1="1" ind2=" ">
    <subfield code="a">Cofer, Charles Norval</subfield>
    <subfield code="e">, autor.</subfield>
  </datafield>
  <datafield tag="240" ind1="1" ind2="0">
    <subfield code="a">Motivation; theory and research.</subfield>
    <subfield code="l">Espa&#xF1;ol.</subfield>
  </datafield>
  <datafield tag="245" ind1="1" ind2="0">
    <subfield code="a">Psicolog&#xED;a de la motivaci&#xF3;n</subfield>
    <subfield code="b">: teor&#xED;a e investigaci&#xF3;n</subfield>
    <subfield code="c"> / C.N. Cofer, M.H. Appley ; traducci&#xF3;n, Federico Pat&#xE1;n L&#xF3;pez ; revisi&#xF3;n t&#xE9;cnica, Graciela Rodr&#xED;guez de Arizmendi.</subfield>
  </datafield>
  <datafield tag="250" ind1=" " ind2=" ">
    <subfield code="a">2a. edici&#xF3;n</subfield>
  </datafield>
  <datafield tag="260" ind1="3" ind2=" ">
    <subfield code="a">M&#xE9;xico </subfield>
    <subfield code="b">: Trillas</subfield>
    <subfield code="c">, 1990</subfield>
  </datafield>
  <datafield tag="300" ind1=" " ind2=" ">
    <subfield code="a">907 p&#xE1;ginas</subfield>
  </datafield>
  <datafield tag="490" ind1="0" ind2=" ">
    <subfield code="a">Biblioteca T&#xE9;cnica de Psicolog&#xED;a</subfield>
  </datafield>
  <datafield tag="500" ind1=" " ind2=" ">
    <subfield code="a">Traducci&#xF3;n de: Motivation, Theory and research 
Ejemplar 3 (04 006100) es una reimpresi&#xF3;n a&#xF1;o 2013.

Incluye &#xED;ndice de autores (pp. 813-887)
Incluye &#xED;ndice alfab&#xE9;tico (pp. 888-907)</subfield>
  </datafield>
  <datafield tag="500" ind1=" " ind2=" ">
    <subfield code="a">Reimpresiones 2007, 2013</subfield>
  </datafield>
  <datafield tag="505" ind1=" " ind2=" ">
    <subfield code="a">Concepto de motivaci&#xF3;n
Perspectiva hist&#xF3;rica
El concepto de instinto: la posici&#xF3;n etol&#xF3;gica
Condiciones corporales ; actividad y exploraci&#xF3;n
Conceptos homeost&#xE1;tico y la motivaci&#xF3;n 
Teor&#xED;as hedonistas y de activaci&#xF3;n de la emoci&#xF3;n 
Frustraci&#xF3;n, conflicto y stress
La motivaci&#xF3;n y la teor&#xED;a del aprendizaje: pulsi&#xF3;n e incentivo
Aprendizaje, ejecuci&#xF3;n, reforzamiento y motivaci&#xF3;n adquirida
Teor&#xED;a psicoanal&#xED;tica de la motivaci&#xF3;n
Autorrealizaci&#xF3;n y conceptos relacionados
Algunos aspectos de la motivaci&#xF3;n humana
Motivaci&#xF3;n social
Hacia una teor&#xED;a unificada de motivaci&#xF3;n</subfield>
  </datafield>
  <datafield tag="519" ind1=" " ind2=" ">
    <subfield code="a">Plan flexible
</subfield>
    <subfield code="b">Psicolog&#xED;a</subfield>
    <subfield code="c">Motivaci&#xF3;n y emoci&#xF3;n (B10)</subfield>
    <subfield code="d">(04 003506)</subfield>
  </datafield>
  <datafield tag="519" ind1=" " ind2=" ">
    <subfield code="a">Plan flexible
</subfield>
    <subfield code="b">Psicolog&#xED;a</subfield>
    <subfield code="c">Motivaci&#xF3;n y emoci&#xF3;n (B10)</subfield>
    <subfield code="d">(04 004230)</subfield>
  </datafield>
  <datafield tag="519" ind1=" " ind2=" ">
    <subfield code="a">Educaci&#xF3;n mixta</subfield>
    <subfield code="b">Pedagog&#xED;a</subfield>
    <subfield code="c">Orientaci&#xF3;n educativa y vocacional I (P11)</subfield>
    <subfield code="d">(04 006100)</subfield>
  </datafield>
  <datafield tag="650" ind1="1" ind2="4">
    <subfield code="a">MOTIVACI&#xD3;N (PSICOLOG&#xCD;A)</subfield>
  </datafield>
  <datafield tag="700" ind1="1" ind2=" ">
    <subfield code="a">Appley, Mortimer Herbert.</subfield>
    <subfield code="e">, autor.</subfield>
  </datafield>
  <datafield tag="700" ind1="1" ind2=" ">
    <subfield code="a">Pat&#xE1;n L&#xF3;pez, Federico</subfield>
    <subfield code="e">, traductor.</subfield>
  </datafield>
  <datafield tag="700" ind1="1" ind2=" ">
    <subfield code="a">Rodr&#xED;guez de Arizmendi, Graciela</subfield>
    <subfield code="e">, revisi&#xF3;n t&#xE9;cnica.</subfield>
  </datafield>
  <datafield tag="942" ind1=" " ind2=" ">
    <subfield code="c">LB</subfield>
  </datafield>
</record>
